000 00395pab a2200157 454500
008 180718b2003 xxu||||| |||| 00| 0 eng d
100 _aChoudhury, Jayanto N.
245 _aPolice India in 2025: challenges and issues ahead
260 _c2003
300 _ap.39-47.
362 _aJan-Mar
650 _aPolice - India
650 _aPolice
773 _aIndian Police Journal
909 _a58673
999 _c58673
_d58673